MARC details
| 000 -CABECERA |
| campo de control de longitud fija |
00945nam a2200289 a 4500 |
| 001 - NÚMERO DE CONTROL |
| campo de control |
000017307 |
| 005 - FECHA Y HORA DE LA ÚLTIMA TRANSACCIÓN |
| campo de control |
20260430094107.0 |
| 008 - DATOS DE LONGITUD FIJA--INFORMACIÓN GENERAL |
| campo de control de longitud fija |
100322s1982 dr c 000 0 spa d |
| 040 ## - FUENTE DE LA CATALOGACIÓN |
| Centro catalogador/agencia de origen |
DO-SdBNP |
| Lengua de catalogación |
spa |
| Centro/agencia transcriptor |
BNPHU |
| 082 ## - NÚMERO DE LA CLASIFICACIÓN DECIMAL DEWEY |
| Número de clasificación |
927.96357 |
| Número de documento/Ítem |
C796a |
| 049 ## - FONDOS LOCALES (OCLC) |
| Fondos de biblioteca |
BNPD |
| 100 1# - ENTRADA PRINCIPAL--NOMBRE DE PERSONA |
| Nombre de persona |
Córdova, Cuqui, |
| Fechas asociadas al nombre |
1929-2020 |
| 9 (RLIN) |
54809 |
| 245 10 - MENCIÓN DE TÍTULO |
| Título |
Album del recuerdo / |
| Mención de responsabilidad, etc. |
Cuqui Córdova; prólogo Homero León Díaz. |
| 260 ## - PUBLICACIÓN, DISTRIBUCIÓN, ETC. |
| Lugar de publicación, distribución, etc. |
Santo Domingo : |
| Nombre del editor, distribuidor, etc. |
Tele-3, |
| Fecha de publicación, distribución, etc. |
1982. |
| 300 ## - DESCRIPCIÓN FÍSICA |
| Extensión |
104 p. : |
| Otras características físicas |
retrs. ; |
| Dimensiones |
21 cm. |
| 500 ## - NOTA GENERAL |
| Nota general |
La biblioteca posee el t. 2, 3, 4. |
| 505 0# - NOTA DE CONTENIDO CON FORMATO |
| Nota de contenido con formato |
V. 2 1980 -- v. 3 1981-- v. 3 1983 |
| 650 #4 - PUNTO DE ACCESO ADICIONAL DE MATERIA--TÉRMINO DE MATERIA |
| Término de materia o nombre geográfico como elemento de entrada |
Beisbol |
| Subdivisión geográfica |
República Dominicana |
| 9 (RLIN) |
36893 |
| 650 #4 - PUNTO DE ACCESO ADICIONAL DE MATERIA--TÉRMINO DE MATERIA |
| Término de materia o nombre geográfico como elemento de entrada |
Jugadores de beisbol |
| 9 (RLIN) |
37961 |
| 650 #0 - PUNTO DE ACCESO ADICIONAL DE MATERIA--TÉRMINO DE MATERIA |
| Término de materia o nombre geográfico como elemento de entrada |
Deportistas |
| Subdivisión geográfica |
República Dominicana |
| 9 (RLIN) |
34499 |
| 650 #4 - PUNTO DE ACCESO ADICIONAL DE MATERIA--TÉRMINO DE MATERIA |
| Término de materia o nombre geográfico como elemento de entrada |
Boxeo |
| 9 (RLIN) |
20931 |
| 650 #4 - PUNTO DE ACCESO ADICIONAL DE MATERIA--TÉRMINO DE MATERIA |
| Término de materia o nombre geográfico como elemento de entrada |
Deportistas |
| 9 (RLIN) |
34498 |
| 650 #0 - PUNTO DE ACCESO ADICIONAL DE MATERIA--TÉRMINO DE MATERIA |
| Término de materia o nombre geográfico como elemento de entrada |
Atletismo |
| 9 (RLIN) |
37687 |
| 650 #4 - PUNTO DE ACCESO ADICIONAL DE MATERIA--TÉRMINO DE MATERIA |
| Término de materia o nombre geográfico como elemento de entrada |
Voleibol |
| 9 (RLIN) |
37962 |
| 650 #4 - PUNTO DE ACCESO ADICIONAL DE MATERIA--TÉRMINO DE MATERIA |
| Término de materia o nombre geográfico como elemento de entrada |
Tenistas |
| 9 (RLIN) |
37963 |
| 700 1# - PUNTO DE ACCESO ADICIONAL--NOMBRE DE PERSONA |
| Nombre de persona |
León Díaz, Homero |
| Término indicativo de función/relación |
pról. |
| 9 (RLIN) |
37964 |